01183nam a2200253Ia 450000500170000000800410001702000150005804100080007308200210008124500540010225000220015626400280017830000260020633600270023233700330025933800280029250000340032052004330035465000260078765000180081365000370083170000260086804000350089420220316235405.0121119s2001 sp gr 000 0 spa  a84896937061 aspa04aR 297.122 bC67c03aEl Coráncprólogo y traducción de J. Vernet aPrimera edición 1aBarcelonabOptimac2001 a511 páginasc22 cm. atextobtxt2rdacontent asin mediaciónbn2rdamedia avolumenbnc2rdacarrier aIncluye índice alfabético3 aEl Corán es el libro que contiene la palabra eterna e increada de Dios y, en consecuencia, única norma de conducta en esta vida que les ha de llevar, al morir, a la eterna. Dios hizo descender esta revelación a un árabe de la tribu de coraix, Mahoma, quien la recibió primero en una visión de conjunto y luego en detalle y por entregas (años 612-623 d. J.C.) mediante la recitación que del mismo hacía Gabriel.142LEMBaLibros sagrados142LEMBaCorán142LEMBaIslamismoxLibros sagrados1 aVernet, J.etraductor aCO-BoRNBPbspaerdacCO-BoRNBP